| 000 | 00593 a2200181 4500 | ||
|---|---|---|---|
| 010 | _aENG-86057 | ||
| 020 |
_a0070658358 _c199.00 |
||
| 035 | _aEN-69590 | ||
| 037 | _bD.B.Act / Pub | ||
| 082 | 1 | 4 | _a158.1 |
| 100 | 1 | _aFiore, Neil | |
| 245 | 1 |
_aAwaken your strongest self : _cby Neil Fiore _bbreak free of strees, inner conflict, and self-sabotage / |
|
| 260 |
_aNew Delhi _bTata Mc-Graw Hill Publishing _c2007 |
||
| 270 |
_a7, West Patel Nagar _bNew Delhi _e110 008 |
||
| 300 |
_axvi, 240 p. _c21 cm. (Pbk.) |
||
| 500 | _aIncludes index | ||
| 942 |
_adpl _cEN _2ddc _h158.1 _mFIO |
||
| 999 |
_c4071 _d4071 |
||